<?xml version="1.0" encoding="UTF-8"?>
<record
    xmlns:xsi="http://www.w3.org/2001/XMLSchema-instance"
    xsi:schemaLocation="http://www.loc.gov/MARC21/slim http://www.loc.gov/standards/marcxml/schema/MARC21slim.xsd"
    xmlns="http://www.loc.gov/MARC21/slim">

  <leader>01155nam a22001695i 4500</leader>
  <datafield tag="999" ind1=" " ind2=" ">
    <subfield code="c">39175</subfield>
    <subfield code="d">39175</subfield>
  </datafield>
  <datafield tag="020" ind1=" " ind2=" ">
    <subfield code="a">9781137585936</subfield>
  </datafield>
  <datafield tag="082" ind1=" " ind2=" ">
    <subfield code="a">331.42153</subfield>
    <subfield code="b">DAW-G</subfield>
  </datafield>
  <datafield tag="100" ind1="1" ind2=" ">
    <subfield code="a">Dawson, Tricia.</subfield>
  </datafield>
  <datafield tag="245" ind1="1" ind2="0">
    <subfield code="a">Gender, class and power :</subfield>
    <subfield code="b">an analysis of pay inequalities in the workplace /</subfield>
    <subfield code="c">Tricia Dawson.</subfield>
  </datafield>
  <datafield tag="260" ind1=" " ind2=" ">
    <subfield code="a">London:</subfield>
    <subfield code="b">Palgrave Macmillan,</subfield>
    <subfield code="c">2018.</subfield>
  </datafield>
  <datafield tag="300" ind1=" " ind2=" ">
    <subfield code="a">xvi,267p.</subfield>
  </datafield>
  <datafield tag="520" ind1=" " ind2=" ">
    <subfield code="a">With a particular focus on the British printing industry, this book tackles the ongoing issue of pay inequality and examines the challenges facing many women today. By analysing organisation processes within the workplace, the author considers the unequal allocation of power resources that generate and sustain women&#x2019;s invisibility and argues that women&#x2019;s power is often outflanked by that of their male colleagues. Written by a skilled academic with direct industry experience, this new book is an insightful read for those researching human resource management (HRM), women&#x2019;s studies and diversity, as well as trade union officials and policy-makers.</subfield>
  </datafield>
  <datafield tag="650" ind1=" " ind2=" ">
    <subfield code="a">Equal pay for equal work</subfield>
  </datafield>
  <datafield tag="650" ind1=" " ind2=" ">
    <subfield code="a">Pay Equality</subfield>
  </datafield>
  <datafield tag="650" ind1=" " ind2=" ">
    <subfield code="a">Sex Discrimination</subfield>
    <subfield code="v">Employment</subfield>
  </datafield>
  <datafield tag="942" ind1=" " ind2=" ">
    <subfield code="2">ddc</subfield>
    <subfield code="c">BK</subfield>
  </datafield>
  <datafield tag="952" ind1=" " ind2=" ">
    <subfield code="0">0</subfield>
    <subfield code="1">0</subfield>
    <subfield code="4">0</subfield>
    <subfield code="7">0</subfield>
    <subfield code="a">NASSDOC</subfield>
    <subfield code="b">NASSDOC</subfield>
    <subfield code="d">2024-05-17</subfield>
    <subfield code="e">Overseas press India Pvt Ltd</subfield>
    <subfield code="g">7096.62</subfield>
    <subfield code="i">20-03-24</subfield>
    <subfield code="l">0</subfield>
    <subfield code="o">331.42153 DAW-G</subfield>
    <subfield code="p">54292</subfield>
    <subfield code="r">2024-05-17 00:00:00</subfield>
    <subfield code="v">10917.89</subfield>
    <subfield code="w">2024-05-17</subfield>
    <subfield code="y">BK</subfield>
  </datafield>
</record>
